Royal children and partners middle names - Statistics

General Stats
  • This quiz has been taken 102 times
  • The average score is 7 of 10
Answer Stats
Birth year Name Middle name Surname/Title % Correct
1950 Princess Anne Elizabeth Alice Louise Princess Royal
96%
1948 King Charles Philip Arthur George HM the King
95%
1964 Prince Edward Antony Richard Louis Duke of Edinburgh
85%
1960 Andrew Albert Christian Edward Mountbatten-Windsor
83%
1947 Queen Camilla Rosemary HM the Queen Consort (née Shand)
77%
1961 Diana Frances Princess of Wales (née Spencer)
56%
1948 Captain Mark Antony Peter Phillips
52%
1959 Sarah Margaret Ferguson
49%
1955 Sir Timothy James Vice Admiral Laurence
45%
1965 Sophie Helen Duchess of Edinburgh (née Rhys-Jones)
40%
No matching quizzes found
Score Distribution
Percent of People with Each Score
Percentile by Number Answered
Your Score History
You have not taken this quiz